000 01459nam0a2200325 i 4500
001 RU\NLR\bibl\2005488
005 20241101234310.0
010 _a9785950609763
_990
021 _aRU
_b2013-8018
_9580
035 _a(nilc)RuMoRGB-006530975
035 _a(NLR Aleph) 001994146
090 _a4267089
_c4267089
100 _a20130208d2012 u y0rusy50 ca
101 0 _arus
102 _aRU
105 _aa |||||||||
200 1 _aВодные растения
_eучебное пособие
_fКупинский С. Б.
_gФедеральное агентство по рыболовству, Федеральное гос. бюджетное образовательное учреждение высш. проф. образования "Астраханский гос. технический ун-т", Дмитровский фил., Каф. аквакультуры
210 _aМосква
_cЭко-Информ
_d2012
215 _a259 с.
_cил.
_d21
320 _aБиблиогр.: с. 230-231
606 _aВодные растения
_jУчебные издания для высших учебных заведений
_91074791
_3RU\NLR\auth\66100553
686 _aЕ082.35я73
700 1 _aКупинский
_bС. Б.
_4070
801 0 _aRU
_bRuMoRKP
_c20130208
_gRCR
801 2 _aRU
_bРГБ
_c20130318
_grcr
801 1 _aRU
_bRuMoRKP
_c20130208
_2rusmarc
801 2 _aRU
_bNLR
_c20130227
_grcr
942 _cBOOK
980 _aNBR